000 01067nam a2200241Ia 4500
003 OSt
005 20250717095642.0
008 210210b2016 xxu||||| |||| 00| 0 eng d
020 _a9780071333450
040 _aAL
_c
041 _aeng
082 _a330.028 GUJB
100 _aDamodar N Gujarati
_928888
245 _aBasic econometrics
250 _a5
260 _aChennai
_bMcGraw Hill Education (India) Private Limited
_c2017
300 _axxiii,886p
500 _aThe fifth edition of Basic Econometrics continues to blend foundations of econometrics with up-to-date research. Itillustrates important concepts through intuitive and informative examples & data without resorting to matrix algebra,calculus or statistics beyond the elementary level. It presents not only the ‘what’ and the ‘how’ of econometrics, butalso the ‘why’ and successfully provides thorough yet highly lucid descriptions of all the key econometric topics.
690 _aEconometrics
_928893
700 _aDawn C Porter
_928894
906 _a071502
942 _2ddc
_cBK
999 _c121262
_d121262